000 00998cab a2200265 4500
001 ABS53326
008 090401t1995 xxu||||| |||| 00| 0 eng d
035 _a(Sirsi) u3568
041 _aeng
100 _aBoyd, T.
245 _aCurrent valuation practice in Australia
260 _c1995
350 _a0
490 _aJournal of Property Valuation and Investment
_v13(3) 1995, 59-69(11)
520 _aReviews the results of a survey of Australian valuers by the Australian Institute of Valuers and Land Economists (AIVLE) which showed a lack of uniformity in valuation approaches and an inconsistency in interpretation of the discount rate and treatment of irregular cash flows. References.
650 _aAUSTRALIA
650 _aAUSTRALIAN INSTITUTE OF VALUERS AND LAND ECONOMISTS
650 _aCASH FLOWS
650 _aDISCOUNT RATE
650 _aVALUATION PRACTICE
690 _aOVERSEAS-REST OF THE WORLD
690 _aRATING AND VALUATION
942 _n0
948 _c04/03/1997
999 _c2195
_d2195